Statistics for All 17 NRL Teams

Click here to take the quiz!

General Stats

  • This quiz has been taken 69 times
  • The average score is 16 of 17

Answer Stats

YearTeam% Correct
1987Brisbane Broncos
100%
1997Melbourne Storm
98%
1999Wests Tigers
98%
1946Manly-Warringah Sea Eagles
95%
1992New Zealand Warriors
95%
1946Parramatta Eels
95%
1966Penrith Panthers
95%
2023Redcliffe Dolphins
95%
1908South Sydney Rabbitohs
95%
1908Sydney Roosters
95%
1934Canterbury-Bankstown Bulldogs
93%
1966Cronulla-Sutherland Sharks
93%
2005Gold Coast Titans
93%
1998St. George Illawarra Dragons
93%
1987Newcastle Knights
90%
1992North Queensland Cowboys
90%
1981Canberra Raiders
88%

Score Distribution

Percentile by Number Answered

Percent of People with Each Score

Your Score History

You have not taken this quiz